000
00241nam a2200109Ia 4500
005
20251222152041.0
008
251222s9999||||xx |||||||||||||| ||spa||
082
_a
550.85/I61
245
0
_a
Presente y futuro
264
_b
Lpenza
942
_c
LIB
999
_c
26045
_d
26045